Hospodaření se stlačeným vzduchem. Racionalisace výroby a upotřebení /

Uloženo v:
Podrobná bibliografie
Hlavní autor: Karabin, A. I.
Další autoři: Podešva, L.
Médium: Kniha
Jazyk:čeština
Vydáno: Praha : SNTL - Státní nakladatelství technické literatury, 1953
On-line přístup: Získat plný text
Tagy: Přidat tag
Žádné tagy, Buďte první, kdo vytvoří štítek k tomuto záznamu!

MARC

LEADER 00000nam a2200000 4500
003 SK-BrCVT
005 20220617211452.0
008 030903s1953 cs e ||||||cze d
035 |a CVTIDW0969487 
040 |b slo  |a CVTI SR 
041 0 |a cze 
044 |a cs 
080 |a 621.54.004.1  |2 UDC-MRF 
100 1 |a Karabin, A. I. 
245 1 0 |a Hospodaření se stlačeným vzduchem. Racionalisace výroby a upotřebení /  |c A. I. Karabin ; Z Rus. Orig. Přel. L. Podešva 
260 |a Praha :  |b SNTL - Státní nakladatelství technické literatury,  |c 1953 
300 |a 98 s. 
700 1 |a Podešva, L. 
910 |b A004653  |b A004685  |b A024674 odpis 
974 |f Knihy 
992 |a APP 
999 |c 127400  |d 127400